000 00806nam a2200229Ia 4500
003 GCL
008 140319s9999 xx 000 0 ara d
020 _a5072309977
040 _aGCL /
_cGCL
082 0 4 _aق
_b962.06
_bع ك
100 1 _aعبدالفتاح ابوالفضل
245 1 0 _aكنت نائبا لرئيس المخابرات /
_cعبدالفتاح ابوالفضل
250 _aالاولى
260 _aالقاهرة :
_bدار الشروق ،
_c2001
300 _a299ص ؛
_c24سم
650 0 4 _aالاعتداء الثلاثى على مصر 1956
650 0 4 _aمصر - الاحوال السياسية
650 0 4 _aمصر - تاريخ - العصر الحديث
650 0 4 _aالمخابرات - مصر
650 0 4 _aمصر - الاحكام العسكرية
942 _2ddc
_cBK
999 _c8174
_d8174